Nazwij rzekę po trzech polskich miastach - Statystyki

Ogólne statystyki
  • Ten quiz został rozwiązany 200 razy
  • Średni wynik to 9 z 15
Statystyki odpowiedzi
Miasta Rzeka % Poprawnych
Kraków, Warszawa, Toruń Wisła
100%
Poznań, Częstochowa, Zawiercie Warta
91%
Wrocław, Opole, Szczecin Odra
90%
Włodawa, Terespol, Drohiczyn Bug
83%
Sanok, Przemyśl, Stalowa Wola San
83%
Choroszcz, Ostrołęka, Pułtusk Narew
75%
Jelenia Góra, Żagań, Bolesławiec Bóbr
51%
Szczekociny, Koniecpol, Tomaszów Mazowiecki Pilica
46%
Szczebrzeszyn, Krasnobród, Zwierzyniec Wieprz
46%
Ujście, Czarnków, Wieleń Noteć
39%
Olsztyn, Dobre Miasto, Lidzbark Warmiński Łyna
35%
Łódź, Zgierz, Ozorków Bzura
31%
Ostróda, Nowe Miasto Lubawskie, Brodnica Drwęca
31%
Nidzica, Działdowo, Nowy Dwór Mazowiecki Wkra
29%
Odolanów, Milicz, Żmigród Barycz
25%
Nie znaleziono quizów pasujących do podanych kryteriów
Rozkład punktacji
Procent ludzi z każdym wynikiem
Percentyl według liczby udzielonych odpowiedzi
Twoja historia wyników
Nie rozwiązałeś tego quizu